Trittico per Luca /

Guardat en:
Dades bibliogràfiques
Autor principal: Santi, Piero, (1912-1990) (Autor)
Format: Llibre
Idioma:italià
Publicat: Firenze : Il Fiore rosso, 1979
Etiquetes: Afegir etiqueta
Sense etiquetes, Sigues el primer a etiquetar aquest registre!

MARC

LEADER 00000nam a22000007i 4500
001 IT\ICCU\UBO\2367591
003 ItRI
005 20260115232336.0
008 031219s1979 it |||||| ||||| |||||c
040 |b ita  |c importazione bologna sebina 
041 7 |a ita  |2 ISO-639-2 
100 1 |a Santi, Piero,  |d  (1912-1990)  |0 IT\ICCU\MILV\218707  |4 aut 
245 1 0 |a Trittico per Luca /  |c Piero Santi. 
260 |a Firenze :  |b Il Fiore rosso,  |c 1979 
300 |a 30 p. ;  |c 20 cm. 
942 |2 ddc  |c BK  |n 0 
952 |0 0  |1 0  |4 0  |6 DOC_853_914000000000000_SAN  |7 0  |9 24486  |a BO  |b BO  |d 2026-01-15  |i 249  |l 0  |o DOC 853.914 SAN  |p BO249  |r 2026-01-15 23:23:36  |w 2026-01-15  |x [Sebina 5] [1 v.]  |y BK  |z 1 v. 
999 |c 20838  |d 20838